| 000 | 01645nam0a2200349 i 4500 | ||
|---|---|---|---|
| 001 | RU\NLR\BIBL_A\010670629 | ||
| 005 | 20260408102853.0 | ||
| 010 |
_a9785895661413 _9500 |
||
| 021 |
_aRU _b14-92913 |
||
| 035 | _a(NILC)RuMoRGB-007836173 | ||
| 035 | _a(NLR Aleph) 010670629 | ||
| 090 |
_a9604377 _c9604377 |
||
| 100 | _a20150211d2014 um y0rusy50 ca | ||
| 101 | 0 | _arus | |
| 102 | _aRU | ||
| 105 | _aabc|z|||000yy | ||
| 200 | 1 |
_aИсследования по культуре ненцев _eсборник статей _fГос. казен. учреждение Ямало-Ненецкого авт. округа "Науч. центр изучения Арктики" _g[сост.: Е. Т. Пушкарева] |
|
| 210 |
_aСанкт-Петербург _cИсторическая иллюстрация _d2014 |
||
| 215 |
_a286, [1] с., [8] л. ил., карты, портр., цв. ил., карты _cтабл. _d22 |
||
| 320 | _aБиблиогр. в конце ст. | ||
| 606 | 1 |
_aНенцы _jСборники _xИсторико-этнографические исследования _92352248 _3RU\NLR\AUTH\661405236 |
|
| 686 | 1 | _aТ52(231=Нен)я43 | |
| 686 | 1 | _aТ3(29=Нен)я43 | |
| 702 | 1 |
_4220 _7ca _8rus _aПушкарева _bЕ. Т. _f1949- _gЕлена Тимофеевна _9202092 _3RU\NLR\AUTH\770202143 |
|
| 712 | 0 | 2 |
_4570 _aНаучный центр изучения Арктики _cСалехард _3RU\NLR\AUTH\8810241996 _9369863 |
| 801 | 0 |
_aRU _bРГБ _c20141210 _gRCR |
|
| 801 | 1 |
_aRU _bРГБ _c20141210 _2rusmarc |
|
| 942 | _cBOOK | ||
| 980 | _aNBR | ||